000 00984nas a2200265 4500
001 BR8401072
003 BR-BrBNA
005 20231205085819.0
007 ta
008 230509b bl.|||p| |||| 00| 00por d
040 _aBR-BrBNA
_bpor
_cBiblioteca Nacional de Agricultura
041 _a(Pt)
072 _aH20
100 1 _aSantos, A.F. dos
100 1 _aAthayde, J.T.
245 1 _aIncidencia de Sclerotinia Sclerotiorum em feijoeiro (Phaseolus vulgaris L.)na regiao serrana do Estado do Espirito Santo [fungo, mofo branco, Brasil]
246 1 _aIncidence of Sclerotinia Sclerotiorum in bean plant (Phaseolus vulgaris L.)in the mountain area of the state of Espirito Santo [fungus, white mould, Brazil]
650 _aFUNGO
650 _aFEIJAO
650 _aMOFO BRANCO
650 _aESPIRITO SANTO
773 0 _tRevista Ceres (Brazil)
_xISSN 0034-737X
_g(May 1983), v. 30(169) p. 242-244
_wBR8401072
909 _a202311
_bLúcia
_c55
_dLúcia Elande
942 _2AGRIS
_n0
_cANA
999 _c113998
_d113998